Sports Quiz

Random Sports or Show Quiz

UFC Main Eventers 111-130 Quiz Stats

 Plays Quiz not verified by Sporcle

Support Sporcle.
Go Orange.
Score 0/40 Timer 10:00
0 Plays Today
Show Main Eventer % Correct
112Anderson Silva
96.9%
117Anderson Silva
96.9%
126Anderson Silva
96.9%
116Brock Lesnar
94.8%
121Brock Lesnar
94.8%
118BJ Penn
93.8%
127BJ Penn
93.8%
114Rampage Jackson
91.8%
123Rampage Jackson
91.8%
113Shogun Rua
90.7%
128Shogun Rua
90.7%
113Lyoto Machida
90.2%
123Lyoto Machida
90.2%
128Jon Jones
89.7%
130Rampage Jackson
89.7%
114Rashad Evans
89.2%
118Frankie Edgar
89.2%
125Frankie Edgar
89.2%
119Frank Mir
88.1%
121Cain Velasquez
87.6%
Show Main Eventer % Correct
116Shane Carwin
87.1%
117Chael Sonnen
86.6%
115Chuck Liddell
85.1%
125Gray Maynard
83.5%
115Rich Franklin
82%
126Vitor Belfort
80.9%
127John Fitch
80.9%
111Dan Hardy
79.4%
112Demian Maia
78.9%
130 Matt Hamill
78.4%
124Josh Koscheck
77.8%
129Jake Shields
76.3%
111GSP
74.2%
124GSP
74.2%
129GSP
74.2%
120Michael Bisping
71.1%
122Yushin Okami
64.9%
122Nate Marquardt
61.9%
120Yoshihiro Akiyama
59.3%
119Mirko Cro Cop
46.9%

You're not logged in!

Compare scores with friends on all Sporcle quizzes.
OR
Log In

From the Vault

Popular Writers, Unpopular Books

by ZSFletcher

Even good authors have it in them to write not-so-good books.
Remove Ads.
Support Sporcle.
Get the best of Sporcle when you Go Orange. This ad-free experience offers more features, more stats, and more fun while also helping to support Sporcle. Thank you for becoming a member.

Show Comments

Extras

Created Feb 25, 2011ReportNominate
Tags:Show Quiz, Event, MMA, UFC, Venter

Top Quizzes Today


Score Distribution

Your Account Isn't Verified!

In order to create a playlist on Sporcle, you need to verify the email address you used during registration. Go to your Sporcle Settings to finish the process.

Report this User

Report this user for behavior that violates our Community Guidelines.

Details: